Comarques de la Comunitat Valenciana (en un mapa) - Statistics

General Stats
  • This quiz has been taken 10 times
  • The average score is 19 of 34
Answers on the Map
Answers color-coded by a green-red scale on the quiz's map according to % correct below.
 
Answer Stats
Answer % Correct
Marina Alta
100%
Marina Baixa
100%
Horta Nord
89%
Horta Sud
89%
Valéncia
89%
Alt Vinalopó
67%
Baix Segura
67%
Baix Vinalopó
67%
Camp d'Alacant
67%
La Safor
67%
Plana Alta
67%
Plana Baixa
67%
Camp de Túria
56%
El Comtat
56%
La Costera
56%
L'Alcoià
56%
Ribera Alta
56%
Ribera Baixa
56%
Vall d'Albaida
56%
Vinalopó Mitja
56%
Alt Maestrat
44%
Camp de Morvedre
44%
El Racó
44%
Els Serrans
44%
Horta Oest
44%
Alcalatén
33%
Alt Millars
33%
Alt Palància
33%
Baix Maestrat
33%
Canal de Navarrés
33%
Els Ports
33%
La Foia de Bunyol
33%
Requena-Utiel
33%
Vall d'Aiora
22%
No matching quizzes found
Score Distribution
Percent of People with Each Score
Percentile by Number Answered
Your Score History
You have not taken this quiz